Wereldhoofdsteden die het dichtst bij Muscat liggen - Statistieken

Algemene statistieken
  • Deze quiz is 14 keer genomen
  • De gemiddelde score is 13 van 20
Antwoordstatistieken
km hoofdstad % Correct
418 Abu Dhabi
100%
719 Doha
100%
1217 Koeweit
100%
1740 Bagdad
90%
1816 Islamabad
90%
1191 Riyad
90%
1503 Teheran
90%
2392 Amman
80%
1954 New Delhi
80%
1747 Sanaa
80%
1602 Kabul
70%
2098 Djibouti
60%
840 Manamah
60%
2374 Tbilisi
50%
2030 Bakoe
40%
2257 Jerevan
40%
2210 Tasjkent
40%
2233 Asmara
30%
1927 Doesjanbe
30%
1595 Asjchabad
20%
Geen overeenkomende quizzen gevonden
Scoreverdeling
Procent van Mensen met Elke Score
Percentiel versus Aantal Correcte Antwoorden
Uw Scoregeschiedenis
U heeft deze quiz nog niet genomen